LEADER 01045nam0-22003371i-450- 001 990008012170403321 005 20110203093109.0 010 $a88-202-0495-9 035 $a000801217 035 $aFED01000801217 035 $a(Aleph)000801217FED01 035 $a000801217 100 $a20050224f1982----km-y0itay50------ba 101 0 $aita 102 $aIT 105 $ay----n--101yy 200 1 $aBiblioteca, quale modello$eatti del Convegno di Novate Milanese, 19-21 novembre 1981$fraccolti e ordinati a cura di Massimo Belotti e Gianni Stefanini 210 $aMilano$cMazzotta$d[1982] 215 $a213 p.$cill$d19 cm 225 1 $aNuova informazione 300 $aIn testa al front.: Provincia di Milano, Comune di Novate Milanese 676 $a027.445$v19$zita 702 1$aBelotti,$bMassimo 702 1$aStefanini,$bGianni 801 0$aIT$bUNINA$gRICA$2UNIMARC 901 $aBK 912 $a990008012170403321 952 $aVI I 302$b4381$fDDA 959 $aDDA 996 $aBiblioteca, quale modello$9750675 997 $aUNINA LEADER 02391nam2 2200409 i 450 001 SUN0114686 005 20180209093957.675 010 $d0.00 017 70$2N$a978-3-319-42105-6 100 $a20180208d2016 |0engc50 ba 101 $aeng 102 $aCH 105 $a|||| ||||| 200 1 $a2. *Algebraic, stochastic and analysis structures for networks, data classification and optimization 205 $aXIV, 436 p. : ill.$g24 cm 210 $aPubblicazione in formato elettronico 215 $aAccesso al full text attraverso riconoscimento indirizzo IP di Ateneo. 410 1$1001SUN0102574$12001 $a*Springer proceedings in mathematics & statistics$v179$1210 $aBerlin$cSpringer$d2012-. 461 1$1001SUN0114682$12001 $a*Engineering mathematics$fSergei Silvestrov, Milica Ran?i? editors$v2$1210 $a[Cham]$cSpringer$d2016$1215 $avoll.$cill.$d24 cm. 606 $a16-XX$xAssociative rings and algebras [MSC 2020]$2MF$3SUNC019734 606 $a46-XX$xFunctional analysis [MSC 2020]$2MF$3SUNC019764 606 $a60Jxx$xMarkov processes [MSC 2020]$2MF$3SUNC019842 606 $a47H10$xFixed-point theorems [MSC 2020]$2MF$3SUNC020267 606 $a37-XX$xDynamical systems and ergodic theory [MSC 2020]$2MF$3SUNC020363 606 $a92Bxx$xMathematical biology in general [MSC 2020]$2MF$3SUNC021467 606 $a08Axx$xAlgebraic structures [MSC 2020]$2MF$3SUNC022419 606 $a00A69$xGeneral applied mathematics [MSC 2020]$2MF$3SUNC022597 606 $a00B15$xCollections of articles of miscellaneous specific interest [MSC 2020]$2MF$3SUNC023985 606 $a92Cxx$xPhysiological, cellular and medical topics [MSC 2020]$2MF$3SUNC024650 606 $a94Cxx$xCircuits, networks [MSC 2020]$2MF$3SUNC027151 606 $a46E30$xSpaces of measurable functions (Lp-spaces, Orlicz spaces, Köthe function spaces, Lorentz spaces, rearrangement invariant spaces, ideal spaces, etc) [MSC 2020]$2MF$3SUNC028800 606 $a60K15$xMarkov renewal processes, semi-Markov processes [MSC 2020]$2MF$3SUNC033820 801 $aIT$bSOL$c20201012$gRICA 912 $aSUN0114686 950 $aBIBLIOTECA CENTRO DI SERVIZIO SBA$d15CONS SBA EBOOK 2225 $e15EB 2225 20180208 996 $aAlgebraic, stochastic and analysis structures for networks, data classification and optimization$91521153 997 $aUNICAMPANIA